000 00437nam a2200181Ia 4500
001 11428
005 20260306162827.0
008 260306t2010||||xx |||||||||||||| ||spa||
041 _aESP
082 _a985.05
_bA46
100 _aAltuve-Febres Lores, Fernán
_eAUT
245 0 _aBartolomé Herrera y su tiempo
260 _c2010
300 _a277 páginas :
_c23 cm.
650 _aGEN
654 _aCHU
942 _cLIB
_dJUS
_fJUS
_2ddc
_n
999 _c11428
_d11428